000
00220nmm a2200085Ia 4500
008
220120s9999||||xx |||||||||||||||||und||
100
_a
EFY
245
0
_a
EFY dedicated to the embedded world
260
_a
Cyber media Pvt. Ltd.
999
_c
139744
_d
139744